000
00320nam a2200133Ia 4500
005
20251222143301.0
008
251222s9999||||xx |||||||||||||| ||spa||
020
_a
92-3-3032744
082
_a
370.1/D48
100
_a
Delors, Jacques
245
0
_a
La Educación Encierra un Tesoro
264
_b
Santillana
942
_c
LIB
999
_c
15345
_d
15345